000 01214nam a22003377a 4500
003 OSt
005 20230607082311.0
008 221006b |||||||| |||| 00| 0 eng d
040 _cBiblioteca Lado V
082 _a800
_bP419m
100 _9270
_aPeña, Alfonso
_eeditor
245 _aMaterika/
260 _aCosta Rica
_bEdiciones Andromeda
_c2002
300 _c15.5x21cm
_a50p.
366 _espa
490 _a5
_v1
_x1409-3693
505 _aPoemas
_rGuillermo Fernandez
505 _aEnsayo Santiago Dabove
505 _aCuento Ser Polvo
_rSantiago Dabove
505 _aCine y mas cine en San Jose
_rJulio Acuña
505 _aCritica Literaria la Maliciosa
_rJorge Rodriguez Padrón
505 _aPoesia
_rJose Roberto Cea
505 _aHomenaje Pablo Antonio Cuadra
_rCarlos Tunnermann
505 _aPublicaciones Recibidas
_rAglae Margalli
650 _2Tesauro de Arte & Arquitectura
_aPOESIA
_9703
650 _2Tesauro de Arte & Arquitectura
_aENTREVISTA
_9702
650 _2Tesauro de Arte & Arquitectura
_aLITERATURA
_9702
650 _2Tesauro de Arte & Arquitectura
_aNARRATIVA
650 _2Tesauro de Arte & Arquitectura
_aESPAÑOL
942 _2ddc
_c1
_h800
_iP419m
_n0
999 _c3794
_d3794